[Event "Levitov Chess Week Blitz 2019"]
[Site "Amsterdam"]
[Date "2019.08.03"]
[Round "5.3"]
[White "Nepomniachtchi, Ian"]
[Black "Gelfand, Boris"]
[Result "1-0"]
[WhiteElo "2815"]
[BlackElo "2700"]
[Annotator "TA"]
[PlyCount "99"]
[EventDate "2019.08.04"]
[EventType "tourn"]
[EventCountry "NED"]
[SourceTitle "playchess.com"]
[Source "ChessBase"]
[SourceQuality "1"]

{[%evp 15,99,7,10,0,8,4,9,0,11,-28,14,4,0,0,15,-51,-37,-67,-22,-35,-28,-118,-118,-139,-156,-201,-190,-214,40,45,58,-166,254,250,326,314,258,0,0,-196,-172,-172,-172,-169,-57,-71,0,-10,0,0,0,-333,-108,-241,-250,-251,-195,-581,-131,-499,-9,-7,0,0,38,72,62,53,183,174,284,284,187,114,120,87,87,87,87,39,87,87,87,87,587,575]} 1. e4 c5 2. Nf3 Nc6 3. d4 cxd4 4. Nxd4 Nf6 5. Nc3 e5 6. Ndb5 d6 7. Nd5 Nxd5 8. exd5 Nb8 9. Bd2 $146 {B33: Sicilian: Pelikan and Sveshnikov Variations} (9. a4 Be7 10. Be2 O-O 11. O-O Nd7 12. Bd2 f5 13. a5 a6 14. Na3 e4 15. Nc4 Ne5 16. Nb6 Rb8 17. f4 exf3 18. Bxf3 Bf6 {½-½ (40) Svidler,P (2735)-Caruana,F (2819) Karlsruhe/Baden Baden 2019}) 9... Be7 10. a4 O-O 11. a5 {The position is equal.} Bf5 12. Bb4 a6 (12... Na6 $5 {[%cal Ra6b4]} 13. Bd2 Qc8 $15) 13. Na3 Nd7 14. Nc4 Qc7 15. g4 (15. h4 $11 h6 16. Be2) 15... Be4 $36 {[%mdl 2048] White is under pressure.} 16. Rg1 Rac8 17. g5 f6 18. g6 (18. Qg4 $11 f5 19. Qd1) 18... Bxg6 $17 ({Reject} 18... hxg6 $6 19. b3 $11) 19. Ra3 f5 20. Rag3 Nf6 21. b3 f4 $2 (21... Ne4 $19 22. R3g2 Qd8) 22. Rxg6 $14 hxg6 23. Rxg6 $2 (23. Bh3 $14 {was forced to keep a grip.}) 23... Rce8 $4 {[%mdl 8192]} (23... Qd7 $1 $19 {and all is fine.} 24. Nb6 Qf5 {[%mdl 64] Double Attack}) 24. Bh3 $18 Kf7 25. Bf5 Rh8 26. Qf3 $2 (26. Kd2 $1 $18) 26... Rxh2 $11 {[#]} 27. Rg2 $2 (27. Rxf6+ $1 $11 {[%mdl 512]} gxf6 (27... Bxf6 28. Nxd6+) 28. Qg4) 27... Rh1+ 28. Kd2 Reh8 29. Qd3 {Hoping for Be6+.} e4 (29... Bf8 $1 $19 {Threatens to win with ...Ke8.} 30. Nb6 Ra1 31. Be6+ Ke8) 30. Bxe4 $15 R8h3 ({Better is} 30... Kg8 $17 31. Bf5 R8h6) 31. Bg6+ $11 Kf8 32. Qf5 Qd7 $1 {[%cal Rd7f5]} 33. Qxf4 $2 {[%mdl 8192] [#]} (33. Qxd7 $11 {and White has nothing to worry.} Nxd7 34. Bf5 {[%mdl 64] Double Attack}) 33... Rh4 $2 (33... Qb5 $1 $19 {and Black stays clearly on top.} 34. Ne3 {[#]} Rxe3 $1 {[%mdl 512]} 35. Kxe3 Qxb4 $1 {[%mdl 576] Decoy} 36. Qxb4 Nxd5+ {[%mdl 64] Double Attack} 37. Ke2 Nxb4) 34. Qe3 (34. Qf5 $17 {keeps fighting.}) 34... Nxd5 $19 ({Not} 34... Qb5 35. Qe6 $17) 35. Qf3+ Nf6 {White must now prevent ...d5.} 36. Bd3 $2 (36. c3) 36... R1h3 $2 (36... d5 $19 {has better winning chances.} 37. Bxe7+ Qxe7) 37. Qe2 $2 {[%mdl 8192]} (37. Rg3 $17 {is tougher.}) 37... Rxd3+ $2 (37... Nd5 $19 38. Nb6 Nxb6) 38. cxd3 $11 Qf5 39. Kc2 Qd5 40. Rxg7 {[%mdl 64] Decoy} Kxg7 41. Qxe7+ {[%mdl 64] Double Attack} Qf7 (41... Kg6 $1 $14) 42. Qxd6 $18 Rh5 (42... Kh7 $142 43. Ne5 Qg7) 43. Bc3 Rf5 44. f4 ({White should play} 44. f3 $18) 44... Kh7 $16 45. Ne3 Ne8 46. Qd4 Rxf4 47. Qh8+ Kg6 48. Nc4 {[%mdl 1024] And now Ne5+ would win. White has strong compensation.} ({But not} 48. Qe5 $6 Nc7 $11) 48... Rf2+ 49. Bd2 {Strongly threatening Ne5+.} Qf6 $2 {[%mdl 8192]} (49... Qe7 $16 {is more resistant.}) 50. Qxe8+ {Accuracy: White = 33%, Black = 25%.} 1-0

[Event "Levitov Chess Week Blitz 2019"]
[Site "Amsterdam"]
[Date "2019.08.03"]
[Round "5.4"]
[White "Bareev, Evgeny"]
[Black "Svidler, Peter"]
[Result "0-1"]
[WhiteElo "2678"]
[BlackElo "2805"]
[Annotator "TA"]
[PlyCount "42"]
[EventDate "2019.08.04"]
[EventType "tourn"]
[EventCountry "NED"]
[SourceTitle "playchess.com"]
[Source "ChessBase"]
[SourceQuality "1"]

{[%evp 10,42,0,-5,2,-19,-19,-48,-36,-47,-32,-15,-9,-57,-54,-61,-63,-58,-62,-65,-57,-62,-39,-55,-62,-245,-258,-402,-412,-462,-466,-473,-471,-537,-487]} 1. c4 g6 2. g3 c5 3. Bg2 Bg7 4. Nc3 Nc6 5. d3 e6 6. h4 h6 {A36: Symmetrical English vs ...g6: 4 Bg2 Bg7} 7. Be3 $146 ({Predecessor:} 7. e4 Nge7 8. Nge2 d6 9. Be3 Nd4 10. Qd2 Nec6 11. f4 h5 12. O-O O-O 13. Kh2 Rb8 14. Rac1 {½-½ (89) Rakhmanov,A (2623)-Lintchevski,D (2557) Kaliningrad 2015}) 7... d6 8. Nh3 Nge7 {Black is slightly better.} 9. Nf4 b6 10. Bd2 Bb7 11. Kf1 Qd7 12. a3 O-O 13. Rb1 Ne5 14. Bxb7 Qxb7 {[%cal Rb7h1] [#]} 15. e4 f5 {Strongly threatening ...fxe4.} 16. Nxe6 Nxd3 17. Nxg7 $2 (17. Bxh6 $15 fxe4 18. Bxg7 (18. Nxf8 Rxf8 19. Bf4 Bxc3 $15) 18... Nxf2 19. Qxd6) 17... fxe4 $19 18. Be3 (18. f4 $142 Kxg7 19. Rg1) 18... Kxg7 19. Qg4 Nf5 {Black is clearly winning.} 20. Kg1 Rae8 21. Rh2 Ne5 {Accuracy: White = 34%, Black = 70%.} 0-1

[Event "Levitov Chess Week Blitz 2019"]
[Site "Amsterdam"]
[Date "2019.08.03"]
[Round "6.1"]
[White "Giri, Anish"]
[Black "Svidler, Peter"]
[Result "0-1"]
[WhiteElo "2772"]
[BlackElo "2805"]
[Annotator "TA"]
[PlyCount "60"]
[EventDate "2019.08.04"]
[EventType "tourn"]
[EventCountry "NED"]
[SourceTitle "playchess.com"]
[Source "ChessBase"]
[SourceQuality "1"]

{[%evp 14,60,0,4,3,-28,-27,-37,-29,-20,66,46,53,41,59,59,61,29,244,230,241,187,279,183,213,182,186,138,302,142,296,142,154,0,110,0,258,-1338,-1283,-1131,-1004,-931,-268,-29987,-5675,-5127,-4927,-1783,-1041]} 1. e4 c5 2. Nf3 e6 3. c3 d5 4. exd5 exd5 5. Bb5+ Bd7 6. Qe2+ Be7 7. d4 Nf6 8. dxc5 O-O {B22: Sicilian: 2 c3} 9. Be3 Re8 (9... Ng4 10. b4 Nxe3 11. fxe3 b6 12. Bxd7 Nxd7 13. cxb6 Qxb6 14. O-O Rfe8 15. Nd4 Bg5 16. Rf3 {0-1 (36) Bortnyk,O (2568)-Ivanchuk,V (2710) Jurmala 2016}) 10. b4 a5 {And now ...axb4 would win.Black is slightly better.} (10... Ng4 {feels hotter.} 11. O-O Bf6 12. a3 Qc7 13. Rd1 Be5) 11. O-O Nc6 $146 (11... Ng4 $11 12. Rd1 axb4 13. Rxd5 Qc7) ({Predecessor:} 11... Ng4 12. Bxd7 Qxd7 13. a3 axb4 14. cxb4 {0-1 (34) Angermann,I-Huber,A DESC email 2001}) 12. Bxc6 Bxc6 13. Nd4 $1 Ne4 14. Qd3 $36 {[%mdl 2048] White fights for an advantage.} Bf6 15. f3 axb4 $2 (15... Ng5 $11 {and Black is okay.}) 16. fxe4 $18 dxe4 17. Qd2 Be5 (17... bxc3 {is a better defense.} 18. Nxc3 Ra3) 18. Qf2 f5 19. g3 ({Wrong is} 19. cxb4 $2 f4 $1 $19 {[%mdl 512]}) (19. Nxf5 $6 bxc3 20. Nd4 c2 $16) 19... Ra4 {and if ...bxc3 works, Black does fine.} 20. Qxf5 {Black must now prevent Qf7+.} bxc3 $2 (20... Bd5 $16) 21. Qf7+ $1 ({Not} 21. Nxc3 $2 Rxd4 22. Rae1 Rd3 $19) (21. Nxc6 bxc6 22. Qf7+ (22. Nxc3 Bxc3 23. Rad1 Qa8 $14) 22... Kh8 $16) 21... Kh8 22. Nc2 (22. Ne6 $1 $18 {[%cal Re6d8] and the rest is easy.} Qc8 23. Rf5) 22... Bb5 23. Re1 $2 ({Better is} 23. Nba3 $16 Bxf1 24. Rxf1) 23... Rf8 (23... Qa8 $11 {keeps the balance.}) 24. Qe6 (24. Qb3 $1 $16 {[%cal Rb3b5]} Qa5 25. Nba3) 24... Qd3 $2 {[%mdl 8192]} (24... Qb8 $1 $11) 25. Bf4 $4 {[%mdl 8192]} (25. Nba3 $18 Re8 26. Qb6) 25... Bxf4 $19 26. gxf4 Qxc2 27. Qd6 Raa8 $2 {[#]} (27... Rfa8 28. Qd5 Bc6) 28. Qd4 $2 (28. Na3 $1 $19 {[%mdl 512]} Qb2 (28... Rxa3 29. Qxf8#) 29. Nxb5 Qxb5 30. Qd4) 28... e3 (28... Rxf4 $142 29. Nd2 Rg4+ 30. Kh1 cxd2 31. Red1 Be2 32. h3 Bxd1 33. Kh2 {[#]} Bf3 $1 {[%mdl 512]} 34. hxg4 d1=Q+ {[%mdl 64] Discovered Attack} 35. Kg3 Qxd4 36. Kh4 Qh2+ 37. Kg5 Qxc5#) 29. Qxe3 Bc6 {[%csl Gc6][%cal Rc2g2]} 30. Qf2 Qb2 {Accuracy: White = 44%, Black = 29%.} 0-1

[Event "Levitov Chess Week Blitz 2019"]
[Site "Amsterdam"]
[Date "2019.08.03"]
[Round "6.2"]
[White "Gelfand, Boris"]
[Black "Bareev, Evgeny"]
[Result "1-0"]
[WhiteElo "2700"]
[BlackElo "2678"]
[Annotator "TA"]
[PlyCount "93"]
[EventDate "2019.08.04"]
[EventType "tourn"]
[EventCountry "NED"]
[SourceTitle "playchess.com"]
[Source "ChessBase"]
[SourceQuality "1"]

{[%evp 9,93,24,23,-13,-7,-4,0,2,-9,-25,-30,-35,-38,-43,0,-78,41,43,45,37,72,0,0,0,0,0,0,0,0,0,14,0,105,92,95,108,106,114,141,142,129,130,130,130,153,163,172,129,177,176,154,91,367,344,357,279,412,412,557,615,562,570,674,0,29974,29975,29977,29978,29978,29979,29979,29979,29979,29980,29980,29981,29981,29982,29986,29987,29987,29988,29988,29989,29989,29990]} 1. Nf3 Nf6 2. d4 c5 3. d5 b5 4. c3 (4. Bg5 Qb6 5. Bxf6 Qxf6 6. c3 Qb6 7. e4 g6 8. a4 b4 9. Nbd2 Bg7 10. a5 Qb7 11. Qc2 O-O 12. Bc4 d6 13. O-O Nd7 14. Rfe1 {0-1 (99) Gelfand,B (2695)-Svidler,P (2760) Moscow 2018}) 4... a6 5. a4 $146 ({Predecessor:} 5. a3 e6 6. dxe6 fxe6 7. Bg5 Nc6 8. Nbd2 Be7 9. g3 d5 10. Bg2 O-O 11. O-O h6 12. Bxf6 Bxf6 {0-1 (31) Humbert,P (1296)-Almarza Mato,C (2168) ICCF email 2015}) 5... Bb7 6. axb5 {A43: Schmid Benoni} Bxd5 7. bxa6 Rxa6 8. Rxa6 {The position is equal.} Nxa6 9. e4 Bxe4 10. Bxa6 {Threatens to win with Nbd2.} Bxb1 11. O-O Be4 12. Bg5 (12. Ne5 $1 $11) 12... Qa8 (12... e6 $17) 13. Bb5 $14 {Strongly threatening Ne5.} Qb7 14. Qa4 {Hoping for Ne5.} e6 15. Ne5 (15. Rd1 $16 Bc6 16. Bxc6 Qxc6 17. Qxc6 dxc6 18. Ra1) 15... Bd6 $1 $11 {[%cal Rd6e5]} 16. Bxf6 gxf6 17. Bxd7+ Kf8 (17... Ke7 $5 18. Bc6 $8 Qc7 $11) 18. Bc6 Bxc6 19. Nxc6 Qc7 20. g3 Rg8 (20... h5 $1 $11) 21. Rd1 $16 Rg5 22. Qa8+ $1 Kg7 23. Na5 Rd5 24. Rxd5 exd5 25. Qxd5 Qxa5 26. Qxd6 {[%mdl 4096] Endgame KQ-KQ} Qa1+ 27. Kg2 Qa8+ 28. f3 c4 29. Qd4 Qc6 30. g4 (30. Qg4+ $142 Kf8 31. Qf5) 30... Qc7 $2 {[%mdl 8192]} (30... Qb5 $16) 31. g5 $1 $18 Qc6 32. Kf2 Kg6 {[#]} (32... Qb5 $142 33. Qxf6+ Kg8 34. Qd8+ Kg7 35. Qd4+ Kf8 36. Qh8+ Ke7 37. Qf6+ (37. Qxh7 Qxb2+ 38. Kg3 Qxc3 $11) 37... Kf8) 33. Qxf6+ $1 Qxf6 34. gxf6 Kxf6 {KP-KP} 35. Ke3 {Kd4 is the strong threat.} Ke5 36. f4+ $2 (36. Kd2 $18 Kf4 37. b4 cxb3 38. c4) 36... Kf5 $2 {[%mdl 8192]} (36... Kd5 $11) 37. h3 {White mates.} h5 {[#]} 38. Kf3 $1 {[%cal Rf3e3]} h4 39. Ke3 Ke6 40. Ke4 Kf6 41. Kd4 Kf5 42. Kxc4 Kxf4 43. b4 Ke3 44. b5 f5 45. b6 f4 46. b7 f3 47. b8=Q {Accuracy: White = 78%, Black = 44%.} 1-0

[Event "Levitov Chess Week Blitz 2019"]
[Site "Amsterdam"]
[Date "2019.08.03"]
[Round "6.3"]
[White "Anand, Viswanathan"]
[Black "Nepomniachtchi, Ian"]
[Result "1-0"]
[WhiteElo "2730"]
[BlackElo "2815"]
[Annotator "TA"]
[PlyCount "111"]
[EventDate "2019.08.04"]
[EventType "tourn"]
[EventCountry "NED"]
[SourceTitle "playchess.com"]
[Source "ChessBase"]
[SourceQuality "1"]

{[%evp 14,111,35,54,76,34,27,33,32,32,27,20,29,6,22,24,46,42,40,40,51,43,25,19,45,52,55,40,48,43,45,52,37,45,39,10,21,0,0,0,4,0,6,6,27,0,0,0,0,0,0,0,0,0,0,0,6,0,9,0,186,12,16,0,0,0,0,0,0,0,82,9,3287,1949,1564,1266,5498,5189,2455,1879,6528,1545,29988,29989,29991,29992,29992,1928,29968,29969,29969,29970,29970,29970,29967,29966,29966,29961,29995,29996]} 1. e4 g6 2. d4 Bg7 3. Nc3 a6 4. f4 b5 5. Nf3 Bb7 6. Bd3 d6 7. O-O Nd7 8. e5 e6 {B06: Modern Defence} (8... Nh6 9. Ne4 O-O 10. c3 c5 11. dxc5 Nxc5 12. Nxc5 dxc5 13. Qe2 Qb6 14. Kh1 Nf5 15. a4 c4 16. Bxf5 gxf5 {½-½ (46) Kollars,D (2562)-Bacrot,E (2684) chess.com INT 2019}) 9. Be4 (9. a4 {feels hotter.} b4 10. Ne4 Ne7 11. c3 d5 12. Nf2) 9... Bxe4 $146 ({Predecessor:} 9... d5 10. Bd3 c5 11. dxc5 Nxc5 12. Be3 Nxd3 13. Qxd3 Ne7 14. Ne2 Nf5 15. Bf2 h5 16. Nfd4 {0-1 (46) Papadopoulos,P (1766)-Tzouganakis,P (1900) Kallithea 2008}) 10. Nxe4 d5 {White is slightly better.} 11. Nf2 c5 12. c3 Ne7 13. Be3 Rc8 14. a4 Nf5 15. Qe2 O-O 16. axb5 {aiming for dxc5.} axb5 17. Nd3 {[%cal Rd4c5]} c4 18. Nb4 Ra8 19. Bf2 Rxa1 20. Rxa1 Qc8 21. g4 Ne7 22. Bh4 Nc6 23. Nxc6 Qxc6 24. Qc2 Ra8 25. Rxa8+ Qxa8 26. f5 Bh6 27. Bg5 Bf8 28. Bd2 Nb6 29. b4 cxb3 30. Qxb3 Qa1+ 31. Kf2 Qa4 32. Qb1 Nc4 33. fxe6 fxe6 34. h4 Na3 35. Qd3 Be7 36. h5 Kf7 $2 (36... gxh5 $11 {and Black stays safe.} 37. gxh5 Qd1) 37. hxg6+ $2 (37. Bg5 $1 $18) 37... hxg6 $11 38. Ke2 Nc4 39. Ng5+ Bxg5 $1 40. Bxg5 Qa2+ 41. Kf1 Qa7 {[#]} (41... Qh2 $11 {keeps the balance.}) 42. Kg2 (42. Bh6 $1 $16) 42... Qd7 $2 {[%mdl 8192]} (42... Qa2+ $11 43. Kg3 Qa1) 43. Qf3+ Kg8 44. Qf6 Qf7 {[#]} 45. Qd8+ $1 Qf8 46. Qd7 Qf7 47. Qc8+ Kh7 48. Bf6 {[%csl Gf6][%cal Rc8h8]} Qg8 49. Qd7+ Kh6 50. Qxb5 (50. g5+ $142 Kh5 51. Kg3 Na3 52. Qa7 Nc2 53. Qa2 Qf8 54. Qxc2 Qxf6 55. Qh2+ Kxg5 56. Qh4+ Kf5 57. Qg4#) 50... g5 51. Qb1 {White mates.} Qh7 {[#]} 52. Bxg5+ $1 {[%mdl 512]} Kg7 (52... Kxg5 53. Qxh7) 53. Bf6+ Kg8 54. Qb8+ Kf7 55. Qb7+ Kg6 56. Qb1+ {Accuracy: White = 56%, Black = 34%.} 1-0

[Event "Levitov Chess Week Blitz 2019"]
[Site "Amsterdam"]
[Date "2019.08.03"]
[Round "6.4"]
[White "Grischuk, Alexander"]
[Black "Kramnik, Vladimir"]
[Result "1/2-1/2"]
[WhiteElo "2733"]
[BlackElo "2748"]
[Annotator "TA"]
[PlyCount "101"]
[EventDate "2019.08.04"]
[EventType "tourn"]
[EventCountry "NED"]
[SourceTitle "playchess.com"]
[Source "ChessBase"]
[SourceQuality "1"]

{[%evp 9,101,0,18,18,15,19,24,18,30,22,35,27,35,29,64,58,77,73,58,66,66,58,77,59,96,62,67,52,56,65,85,82,77,62,135,135,131,142,214,217,234,227,208,172,170,129,206,64,60,64,76,77,74,55,457,105,102,91,133,136,130,141,124,137,148,148,139,145,147,140,154,154,481,481,465,464,549,245,226,229,196,0,0,0,6,0,0,0,0,0,0,0,0,0]} 1. Nf3 d5 2. d3 g6 3. Nbd2 Bg7 4. e4 e5 5. exd5 Ne7 $146 ({Predecessor:} 5... Qxd5 6. g3 Nc6 7. Bg2 Nge7 8. O-O f6 9. Re1 Qf7 10. a4 O-O 11. a5 Rb8 12. Ne4 {1-0 (49) Dorfman,J (2600)-Godena,M (2485) Mondariz 2000}) 6. c4 {B06: Modern Defence} c6 7. dxc6 Nbxc6 8. Be2 {White has an edge.} O-O 9. O-O Nf5 10. Re1 Re8 11. Bf1 h6 12. Rb1 a5 13. a3 a4 14. Ne4 Nfd4 15. Nxd4 Nxd4 16. Be3 Nf5 17. Bc5 b6 18. Bb4 Bb7 19. g3 Qd7 20. Bh3 Qc6 21. Bg2 Rad8 (21... Qd7 $14) 22. Nf6+ $1 $16 {[%mdl 64] Discovered Attack, Deflection} Qxf6 23. Bxb7 Nd4 (23... Bf8 $16 24. Bc3 (24. Qxa4 Bxb4 25. axb4 Nd4 $16) 24... Bc5) 24. Qxa4 $18 h5 25. Bc3 Re7 26. Bxd4 Rxd4 27. Bd5 h4 (27... Rxd3 $16 {was called for.} 28. Re2 Kh7) 28. Qc6 (28. Qa8+ $18 Kh7 29. Re3) 28... Qxc6 29. Bxc6 hxg3 30. hxg3 Rxd3 31. Be4 Rb3 $2 {[%mdl 8192]} ({Black should play} 31... Rd2 $14) 32. Bc2 $2 (32. Kg2 $18 {is the precise move to win.}) 32... Rf3 $16 33. Kg2 $36 {[%mdl 2048] Keeping Black busy.} e4 34. Bxe4 Rb3 {[#]} 35. Bd5 $1 Rxe1 36. Rxe1 {[%mdl 4096] Endgame KRB-KRB} Kf8 {[#]} 37. c5 $1 Rxb2 38. c6 {Black must now prevent Rc1.} Rc2 39. Be4 Rc4 40. Rd1 {aiming for Rd8+.} Be5 $2 (40... Ke8 $16 {is tougher.} 41. Bf3 f5) 41. Rd8+ $18 Kg7 42. Bd5 Rc5 43. Rd7 (43. f4 $142 Bc7 44. Rd7 {[%mdl 64] Double Attack}) 43... Kh6 44. f4 Bb8 45. g4 $2 (45. Rb7 $18 Bxf4 46. gxf4 Rxd5 47. Kf3 (47. Rxb6 Kg7 $16) (47. Rxf7 Rc5 $14)) 45... Bxf4 $11 {The position is equal.} 46. Kf3 Kg5 47. Ke4 f5+ 48. gxf5 gxf5+ 49. Kd4 Bg3 50. Kd3 Be5 51. a4 {Accuracy: White = 52%, Black = 36%.} 1/2-1/2

[Event "Levitov Chess Week Blitz 2019"]
[Site "Amsterdam"]
[Date "2019.08.03"]
[Round "7.1"]
[White "Kramnik, Vladimir"]
[Black "Giri, Anish"]
[Result "1-0"]
[WhiteElo "2748"]
[BlackElo "2772"]
[Annotator "TA"]
[PlyCount "65"]
[EventDate "2019.08.04"]
[EventType "tourn"]
[EventCountry "NED"]
[SourceTitle "playchess.com"]
[Source "ChessBase"]
[SourceQuality "1"]

{[%evp 9,65,0,-2,-9,-6,-6,-8,-20,-18,-27,-13,-20,-25,-27,-6,-54,-39,-66,-39,-100,-52,-66,-68,-54,-62,-82,-11,0,41,0,28,25,33,30,65,67,52,29,129,165,199,196,184,173,279,206,227,191,351,351,337,345,245,184,1164,968,1812,1690]} 1. d4 Nf6 2. g3 d5 3. Bg2 c6 4. Nd2 (4. Nf3 Bf5 5. c4 e6 6. Nc3 h6 7. O-O Nbd7 8. Nd2 Be7 9. e4 dxe4 10. Ndxe4 Nxe4 11. Nxe4 O-O 12. Qb3 Qb6 13. Be3 Nf6 14. Nc3 Qxb3 15. axb3 a6 16. d5 cxd5 17. cxd5 e5 18. Na4 Nd7 19. d6 Bxd6 20. Rfd1 {1-0 (36) Artemiev,V (2691)-Ibrahimov,R (2518) Riadh 2017}) 4... Bf5 5. b3 e6 6. Bb2 {D00: 1 d4 d5: Unusual lines} Nbd7 7. e3 $146 ({Predecessor:} 7. Ngf3 h6 8. O-O Be7 9. Re1 O-O 10. a3 a5 11. Ne5 Re8 {½-½ (35) Tosic,M (2437)-Kizov,A (2396) Zlatibor 2007}) 7... a5 {[%cal Ba7a5,Ba5a4][%mdl 32]} 8. Ne2 {The position is equal.} a4 9. O-O Be7 10. c4 O-O 11. Re1 h6 12. bxa4 Nb6 13. Nc3 dxc4 14. e4 (14. Bf1 $15) 14... Bh7 15. Rb1 c5 (15... Nfd7 {is interesting.} 16. Qc2 c5 17. dxc5 Bxc5 18. Nf3 Qe7) 16. dxc5 Bxc5 17. Qe2 Nxa4 (17... Qc8 $17 18. Kh1 Rd8) 18. Nxc4 $11 Nxb2 19. Rxb2 e5 20. Rxb7 Qc8 21. Rb5 Bd4 22. Nd5 Nxd5 23. exd5 {d6 is the strong threat.} Qa6 (23... Qe8 $11 {remains equal.} 24. Rb7 Qa4) 24. Ra5 $16 Qf6 {[#] Strongly threatening ...Bd3!} 25. Rxa8 Rxa8 26. Nxe5 {Black must now prevent Nd7.} Bc3 (26... Bf5 $142) 27. Nd7 {White threatens Qe8+! and mate.} Qd8 28. Rc1 {And now d6 would win.} Bd4 $2 (28... Bf5 {was called for.} 29. Rxc3 Bxd7) 29. d6 $18 Rc8 30. Rxc8 Qxc8 31. Qd2 Qc4 $2 {[#]} (31... Bxf2+ 32. Kxf2 (32. Qxf2 Qxd7 33. Qc5 Bd3 $16) 32... Qxd7) 32. Ne5 $1 {[%mdl 576] Clearance, Promotion} Bxe5 33. d7 {Accuracy: White = 57%, Black = 29%.} 1-0

[Event "Levitov Chess Week Blitz 2019"]
[Site "Amsterdam"]
[Date "2019.08.03"]
[Round "7.2"]
[White "Nepomniachtchi, Ian"]
[Black "Grischuk, Alexander"]
[Result "0-1"]
[WhiteElo "2815"]
[BlackElo "2733"]
[Annotator "TA"]
[PlyCount "84"]
[EventDate "2019.08.04"]
[EventType "tourn"]
[EventCountry "NED"]
[SourceTitle "playchess.com"]
[Source "ChessBase"]
[SourceQuality "1"]

{[%evp 9,84,-15,-17,-16,-17,-23,-13,-60,0,-7,-14,-66,-67,-100,-110,-222,-183,-313,-306,-292,-188,-169,-132,-143,-133,-133,-130,-140,-127,-132,-117,-338,-347,-336,-332,-571,-256,-244,-229,-232,-254,-243,-195,-170,-52,-80,-68,-68,-85,-75,-85,-181,-168,-166,-86,-179,-162,-196,-174,-161,-85,-85,-85,-256,-244,-29972,-29973,-29972,-29974,-29974,-29975,-29976,-29976,-29975,-29975,-29960,-29963]} 1. e4 e5 2. Nf3 Nc6 3. c3 d5 4. Qa4 Nf6 (4... f6 5. d3 Nge7 6. Be2 Be6 7. O-O Qd7 8. Qc2 O-O-O 9. b4 Ng6 10. a4 Kb8 11. b5 Na5 12. c4 dxc4 13. dxc4 {0-1 (31) Nepomniachtchi,I (2751)-Karjakin,S (2783) chess.com INT 2017}) 5. Bb5 Bd7 6. exd5 $1 {C44: Ponziani Opening and Scotch Gambit} Nxd5 7. O-O Bd6 8. Qb3 $146 {The position is equal.} ({Predecessor:} 8. Na3 O-O 9. Nc4 Nb6 10. Nxb6 axb6 11. Qe4 f5 12. Qd5+ Kh8 {0-1 (39) Perez de Aranda,L (2160)-Castillo Gallego,S (2207) Burguillos 2007}) 8... Nb6 (8... a6 $15 9. d4 axb5 10. Qxd5 exd4) 9. d4 $11 O-O 10. Bg5 (10. dxe5 $11 Na5 11. Qc2 Bxb5 12. Rd1 {[%mdl 64] Pin}) 10... Qe8 $1 $15 11. Qd1 e4 12. Re1 (12. Ne1 $17) 12... f5 13. d5 (13. Bc1 $142) 13... Qh5 $19 14. dxc6 bxc6 15. Ne5 ({Not} 15. Qb3+ $2 Kh8 $19) 15... Qxd1 $40 {[%mdl 128] Black goes for the king.} 16. Rxd1 cxb5 17. Nxd7 Nxd7 18. a4 bxa4 19. Rxa4 Nc5 20. Rc4 $2 (20. Ra5 $17) 20... Nd3 21. Bc1 Rfb8 22. f3 $2 (22. Rd4) 22... Rxb2 (22... Nxc1 $142 23. Rxc1 Rxb2 24. fxe4 Rab8 25. exf5 Rxb1 26. Rxb1 Rxb1+ 27. Kf2 Bxh2) 23. Bxb2 Nxb2 24. Rxd6 cxd6 {[%mdl 4096] Endgame KRN-KRN} 25. Rd4 d5 26. Rxd5 Nc4 (26... e3 $19 {...Rb8 is the strong threat.} 27. Kf1 Rb8) 27. Rd4 Rb8 28. Rxc4 {aiming for Rb4.} Rxb1+ $15 {KR-KR} 29. Kf2 Rb2+ 30. Kg3 (30. Ke3 $17) 30... e3 $19 {Hoping for ...Rb1.} 31. f4 Ra2 (31... Rf2 $19 32. Rc5 g6) 32. Rc5 (32. Rc8+ $17 {keeps fighting.} Kf7 33. Rc7+ Kg6 34. h3) 32... g6 $1 33. Re5 e2 $1 34. c4 {[#]} Kf7 (34... a5 $1 $19 35. Kf2 a4) 35. c5 $17 Rc2 36. Kf3 $2 {[#]} (36. Kf2 $17) 36... a5 $1 $19 {[%cal Ra5a4] White must now prevent ...a4.} 37. g3 $2 (37. Re3 $19) 37... a4 {Black mates.} 38. Kf2 a3 39. c6 a2 40. Ra5 {[#]} e1=Q+ $1 {[%mdl 576] Decoy, Promotion} 41. Kxe1 Rc1+ 42. Kd2 a1=Q {Accuracy: White = 34%, Black = 63%.} 0-1